F. de Miranda y la modernidad en América. F. de Miranda e a modernidade na América
Uloženo v:
| Hlavní autor: | |
|---|---|
| Médium: | Kniha |
| Jazyk: | španělština francouzština |
| Vydáno: |
Madrid
Fundación MAPFRE TAVERA
2004
Madrid Doce Calles 2004 |
| Edice: | Iberoamérica: 200 años de convivencia independiente, 4
|
| Témata: | |
| Tagy: |
Přidat tag
Žádné tagy, Buďte první, kdo vytvoří štítek k tomuto záznamu!
|
MARC
| LEADER | 00000nam a2200000 a 4500 | ||
|---|---|---|---|
| 001 | UCH4928 | ||
| 003 | CL-VaPUC | ||
| 008 | 090910e20040000sp |||||||||||||||||spa|d | ||
| 020 | |a 8484790479 | ||
| 041 | 0 | 7 | |a spa |2 CL-VaPUC |
| 041 | 0 | 7 | |a fre |2 CL-VaPUC |
| 082 | 0 | 4 | |a 923.5 |b ZEU |2 21 |
| 100 | 0 | |a Zeuske, Michael |e author |9 540970 | |
| 245 | 1 | 0 | |a F. de Miranda y la modernidad en América. F. de Miranda e a modernidade na América |
| 300 | |a 223 p | ||
| 942 | |c BK | ||
| 945 | |d 20090910 00:00:00 |a dcastane | ||
| 260 | |a Madrid |b Fundación MAPFRE TAVERA |c 2004 | ||
| 260 | |a Madrid |b Doce Calles |c 2004 | ||
| 600 | 0 | |a Miranda, Francisco de, |d 1750-1816 |9 331375 | |
| 650 | 0 | |a Biografías |9 255210 | |
| 651 | 0 | |a Venezuela |9 254993 | |
| 583 | |a last modification |c 20171011 01:42:41 |k Rodrigo Vera | ||
| 490 | 0 | |a Iberoamérica: 200 años de convivencia independiente, 4 | |
| 999 | |c 336159 |d 336157 | ||
| 952 | |0 0 |1 0 |4 0 |6 923_500000000000000_ZEU_2004_2004 |7 0 |8 X |9 427136 |a FDOBUD |b FDOBUD |d 2019-11-22 |i 4597877 |o 923.5 ZEU 2004 2004 |p 4597877 |r 2019-11-22 |w 2019-11-22 |y BK_X |k BUD | ||